Czy znasz wszystkie filmy Marvela? - Statystyki

Ogólne statystyki
  • Ten quiz został rozwiązany 173 razy
  • Średni wynik to 11 z 13
Statystyki odpowiedzi
rok film % Poprawnych
2008 Iron Man / Hulk
96%
2011 Thor / Kapitan Ameryka pierwsze starcie
93%
2012 Avengers
92%
2018 Czarna pantera / Ant Man i Osa / Avengers Wojna bez granic
85%
2015 Ant Man / Avengers czas Ultrona
83%
2010 Iron Man 2
83%
2013 Iron Man 3 / Thor mroczny świat
83%
2014 Strażnicy galaktyki / Kapitan Amerykazimowy żołnierz
81%
2021 Czarna Wdowa / Shang-Chi i legendadziesięciu pierścieni / Spider Man bez drogi do domu / Eternals
80%
2019 Kapitan Marvel / Avengers Koniec gry /
Spider Man daleko od domu
79%
2017 Strażnicy Galaktyki 2 / Thor Ragnarock / Spider Man Homecoming
77%
2016 Kapitan Ameryka wojna bohaterów / Doktor Strange
75%
2022 Doktor Stange w Multiwersum obłędu /Thor miłość i grom / Czarna pantera Wakanda w moim sercu
59%
Nie znaleziono quizów pasujących do podanych kryteriów
Rozkład punktacji
Procent ludzi z każdym wynikiem
Percentyl według liczby udzielonych odpowiedzi
Twoja historia wyników
Nie rozwiązałeś tego quizu